4-Letter Last Names - Statistics

General Stats
  • This quiz has been taken 932 times
  • The average score is 19 of 100
Answer Stats
LAST NAME % Correct
Hill
55%
Hall
54%
Bell
47%
Ball
43%
King
42%
Gray
41%
Dean
40%
Park
38%
Paul
38%
Reed
38%
Owen
37%
Long
36%
Cole
35%
Chan
33%
Ford
33%
West
33%
Lane
32%
Hart
31%
Rose
31%
Ross
31%
Wall
30%
Wang
30%
Wood
30%
Ryan
29%
Cook
28%
Lang
28%
Ward
28%
Wong
28%
Mann
26%
Shaw
26%
Carr
25%
Chen
25%
Reid
25%
Beck
23%
Diaz
23%
Hunt
22%
Yang
21%
Bush
19%
Cruz
18%
Kane
18%
Rice
18%
Rich
18%
Wade
18%
Gill
17%
Leon
17%
Love
17%
Neal
17%
Dunn
16%
Lowe
16%
Moss
16%
Ruiz
16%
Clay
15%
Todd
15%
Tran
15%
Holt
14%
Bond
13%
Boyd
13%
Hale
13%
Mack
13%
Nash
13%
Rowe
13%
Tate
13%
Cain
12%
Khan
12%
Kirk
12%
Pope
12%
Sims
12%
Webb
12%
Bass
10%
Byrd
10%
Lamb
10%
Page
10%
York
10%
Berg
9%
Cobb
9%
Hood
9%
Choi
8%
Hess
8%
Horn
8%
Roth
8%
Ware
8%
Pham
7%
Vega
7%
Wolf
7%
Hail
6%
Huff
6%
Luna
6%
Wise
6%
Mora
5%
Rios
5%
Sosa
5%
Soto
5%
Koch
4%
Lara
4%
Pena
4%
Shah
4%
Beil
3%
Kaur
3%
Mata
3%
Meza
3%
No matching quizzes found
Score Distribution
Percent of People with Each Score
Percentile by Number Answered
Your Score History
You have not taken this quiz